A collection of tables and nomograms for the processing of observations made on artificial earth satellites /

Guardado en:
Autor Principal: Zhongolovich, I. D.
Otros Autores: Amelin, V. M.
Formato: Libro
Idioma:English
Russian
Publicado: Oxford ; New York : Pergamon Press, 1961.
Series:Mathematical tables series ; v. 12.
Materias:
Etiquetas: Agregar Etiqueta
Sin Etiquetas, Sea el primero en etiquetar este registro!
LEADER 01053cam a22002531a 4500
001 MAT.inmabb005632
008 840413s1961####enka##########000#0#eng##
005 20170824124519.0
245 1 2 |a A collection of tables and nomograms for the processing of observations made on artificial earth satellites /  |c [by] I.D. Zhongolovich and V.M. Amelin. Translated from the Russian by Prasenjit Basu. 
260 |a Oxford ;  |a New York :  |b Pergamon Press,  |c 1961. 
300 |a 188 p. :  |b il. ;  |c 29 cm. 
490 1 |a Mathematical tables ;  |v v. 12 
510 4 |a MR,  |c 28 #2904 
100 1 |a Zhongolovich, I. D.  |q (Ivan Danilovich) 
240 1 0 |a Sbornik tablits i nomogramm dlia obrabotki nabliudenii iskusstvennykh sputnikov Zemli.  |l Inglés 
700 1 |a Amelin, V. M. 
830 0 |a Mathematical tables series ;  |v v. 12. 
650 0 |a Artificial satellites  |x Orbits  |x Tables. 
650 0 |a Artificial satellites  |z Orbits  |z Nomograms. 
084 |a 85.00  |2 MR 
010 |a  61007073  
040 |a DLC/ICU  |c ICU  |d DLC 
041 1 |a eng  |h rus 
859 |h 85  |i Z63  |p A-2859  |b BIB. MATEMATICA